[Event "RUS-ch Seniors"]
[Site "Tula"]
[Date "2004.05.15"]
[Round "6"]
[White "Mukhin, Evgeny B"]
[Black "Zvezdov, Nikolay S"]
[Result "0-1"]
[WhiteElo "2328"]
[BlackElo "2169"]
[PlyCount "120"]
[EventDate "2004.05.??"]
[EventType "swiss"]
[EventRounds "9"]
[EventCountry "RUS"]
[SourceTitle "EXT 2005"]
[Source "ChessBase"]
[SourceDate "2004.11.15"]
[SourceVersion "1"]
[SourceVersionDate "2004.11.15"]
[SourceQuality "1"]

1. e4 c6 2. d4 d5 3. Nc3 dxe4 4. Nxe4 Nd7 5. Bc4 Ngf6 6. Ng5 e6 7. Qe2 Nb6 8. Bb3 Bd6 9. N1f3 h6 10. Nh3 Qc7 11. Ne5 c5 12. dxc5 Bxe5 13. cxb6 axb6 14. g3 Bd7 15. 0-0 0-0 16. Re1 Bd6 17. Nf4 Rfe8 18. Nh5 Nxh5 19. Qxh5 Ra5 20. Qg4 h5 21. Qh4 Be7 22. Qh3 g6 23. Bd2 Re5 24. Bc3 Rxe1+ 25. Rxe1 b5 26. g4 h4 27. Be5 Qc5 28. c3 Bc6 29. Bf4 Bd6 30. Be3 Qe5 31. Bd2 Qf6 32. g5 Qf5 33. Qxf5 gxf5 34. f4 Kg7 35. Kf2 Kg6 36. Be3 Rd8 37. Rd1 Rd7 38. h3 Bc7 39. Rxd7 Bxd7 40. Bd1 e5 41. fxe5 Bxe5 42. Bf3 f4 43. Bc5 Bxh3 44. Bxb7 Bd7 45. Be7 Kf5 46. Bd5 h3 47. Kf3 Kg6 48. Bf6 Bc7 49. b3 Be6 50. Bc6 Kh5 51. a4 bxa4 52. bxa4 Bg4+ 53. Kf2 h2 54. Bh1 f3 55. a5 Bxa5 56. Be5 Bb6+ 57. Bd4 Bc7 58. Be3 Kh4 59. Ke1 Kg3 60. Bf2+ Kf4 0-1